[Event "EYTCC U18 Open 2019"]
[Site "Pardubice"]
[Date "2019.07.15"]
[Round "5.13"]
[White "Ozsakallioglu, Okan"]
[Black "Jakab, Bela"]
[Result "1/2-1/2"]
[WhiteElo "2243"]
[BlackElo "2278"]
[Annotator "ChessBase"]
[PlyCount "69"]
[EventDate "2019.07.11"]
[EventType "swiss"]
[EventCountry "CZE"]
[SourceTitle "playchess.com"]
[Source "ChessBase"]
[SourceQuality "1"]
[WhiteTeam "Turkey"]
[BlackTeam "Slovakia"]
[WhiteTeamCountry "TUR"]
[BlackTeamCountry "SVK"]
[TimeControl "40/5400+30:1800+30"]

1. Nf3 {[%emt 0:00:00]} d5 {[%emt 0:00:00]} 2. d4 {[%emt 0:00:00]} Nf6 {[%emt 0:00:00]} 3. c4 {[%emt 0:00:00]} c6 {[%emt 0:00:15]} 4. Nc3 {[%emt 0:00:27]} a6 {[%emt 0:00:20]} 5. a4 {[%emt 0:00:07]} g6 {[%emt 0:00:41]} 6. Bf4 {[%emt 0:01:40]} Bg7 {[%emt 0:01:06]} 7. a5 {[%emt 0:08:10]} O-O {[%emt 0:05:32]} 8. e3 {[%emt 0:03:33]} Nbd7 {[%emt 0:00:46]} 9. h3 {[%emt 0:07:06]} dxc4 {[%emt 0:07:14]} 10. Bxc4 {[%emt 0:00:07]} b5 {[%emt 0:00:13]} 11. axb6 {[%emt 0:00:50]} Nxb6 {[%emt 0:00:16]} 12. Bd3 {[%emt 0:00:36]} Nbd5 {[%emt 0:01:14]} 13. Bh2 {[%emt 0:00:18]} c5 {[%emt 0:04:28]} 14. O-O {[%emt 0:09:31]} cxd4 {[%emt 0:00:38]} 15. Nxd4 {[%emt 0:00:15]} Re8 {[%emt 0:25:07]} 16. Bb5 {[%emt 0:06:00]} Bd7 {[%emt 0:07:48]} 17. Nxd5 {[%emt 0:00:34]} Bxb5 {[%emt 0:01:08]} 18. Nc7 {[%emt 0:06:37]} Bxf1 {[%emt 0:00:33]} 19. Nxe8 {[%emt 0:00:46]} Nxe8 {[%emt 0:02:07]} 20. Kxf1 {[%emt 0:00:17]} Qb6 {[%emt 0:00:54]} 21. Qe2 {[%emt 0:00:30]} a5 {[%emt 0:04:49]} 22. Qd2 {[%emt 0:01:47]} a4 {[%emt 0:02:43]} 23. Bg3 {[%emt 0:09:33]} Nf6 {[%emt 0:04:28]} 24. Qc2 {[%emt 0:01:09]} Qa6+ {[%emt 0:02:54]} 25. Kg1 {[%emt 0:00:49]} Nd5 {[%emt 0:00:40]} 26. Ra3 {[%emt 0:02:50]} Nb6 {[%emt 0:07:46]} 27. b3 {[%emt 0:02:29]} e5 {[%emt 0:01:07]} 28. Ne2 {[%emt 0:02:57]} Bf8 {[%emt 0:00:41]} 29. Ra1 {[%emt 0:00:41]} axb3 {[%emt 0:12:07]} 30. Rxa6 {[%emt 0:00:06]} bxc2 {[%emt 0:00:04]} 31. Rxb6 {[%emt 0:00:28]} Ra1+ {[%emt 0:00:09]} 32. Kh2 {[%emt 0:00:03]} Re1 {[%emt 0:00:10]} 33. Bxe5 {[%emt 0:01:43]} Rxe2 {[%emt 0:00:05]} 34. Rc6 {[%emt 0:00:18]} f6 {[%emt 0:00:54]} 35. Bb2 {[%emt 0:00:04]} 1/2-1/2

[Event "EYTCC U18 Open 2019"]
[Site "Pardubice"]
[Date "2019.07.15"]
[Round "5.14"]
[White "Bugar, Peter"]
[Black "Ozdemir, Serhan Berat"]
[Result "1/2-1/2"]
[WhiteElo "2002"]
[BlackElo "1985"]
[Annotator "NA"]
[PlyCount "99"]
[EventDate "2019.07.11"]
[EventType "swiss"]
[EventCountry "CZE"]
[SourceTitle "playchess.com"]
[Source "ChessBase"]
[SourceQuality "1"]
[WhiteTeam "Slovakia"]
[BlackTeam "Turkey"]
[WhiteTeamCountry "SVK"]
[BlackTeamCountry "TUR"]
[TimeControl "40/5400+30:1800+30"]

1. c4 {[%emt 0:00:00]} Nf6 {[%emt 0:00:00]} 2. Nc3 {[%emt 0:00:00]} g6 {[%emt 0:00:00]} 3. g3 {[%emt 0:00:00]} Bg7 {[%emt 0:00:00]} 4. Bg2 {[%emt 0:00:00]} O-O {[%emt 0:00:12]} 5. e4 {[%emt 0:00:05]} d6 {[%emt 0:00:05]} 6. Nge2 {[%emt 0:00:18]} c5 {[%emt 0:00:16]} 7. O-O {[%emt 0:00:08]} Nc6 {[%emt 0:00:18]} 8. d3 {[%emt 0:00:07]} a6 {[%emt 0:00:34]} 9. a4 {[%emt 0:02:00]} Bd7 {[%emt 0:00:27]} 10. h3 {[%emt 0:05:52]} Rb8 {[%emt 0:00:36]} 11. Be3 {[%emt 0:02:51]} Ne8 {[%emt 0:00:23]} 12. Rb1 {[%emt 0:13:13]} Nc7 {[%emt 0:01:39]} 13. d4 {[%emt 0:03:59]} cxd4 {[%emt 0:01:29]} 14. Nxd4 {[%emt 0:00:23]} Nxd4 {[%emt 0:17:12]} 15. Bxd4 {[%emt 0:00:11]} b5 {[%emt 0:02:32]} 16. Bxg7 {[%emt 0:07:03]} Kxg7 {[%emt 0:00:03]} 17. Qd4+ {[%emt 0:00:17]} Kg8 {[%emt 0:00:05]} 18. Rfd1 {[%emt 0:09:18]} b4 {[%emt 0:00:52]} 19. Nd5 {[%emt 0:03:05]} Nxd5 {[%emt 0:02:18]} 20. Qxd5 {[%emt 0:02:03]} Bxa4 {[%emt 0:00:20]} 21. b3 {[%emt 0:00:12]} Bd7 {[%emt 0:02:47]} 22. Ra1 {[%emt 0:07:37]} Qc8 {[%emt 0:04:51]} 23. h4 {[%emt 0:03:30]} Bc6 {[%emt 0:03:16]} 24. Qg5 {[%emt 0:02:56]} Qb7 {[%emt 0:01:20]} 25. Re1 {[%emt 0:02:55]} Ra8 {[%emt 0:14:53]} 26. Ra5 {[%emt 0:04:18]} Qb6 27. Rea1 {[%emt 0:01:08]} Ra7 {[%emt 0:06:57]} 28. h5 {[%emt 0:01:52]} Qd4 {[%emt 0:02:09]} 29. Re1 {[%emt 0:11:37]} Qb6 30. Rea1 {[%emt 0:01:39]} Qd4 {[%emt 0:02:12]} 31. Re1 {[%emt 0:05:23]} Re8 {[%emt 0:04:39]} 32. h6 {[%emt 0:01:11]} Raa8 {[%emt 0:03:22]} 33. Qf4 {[%emt 0:06:00]} Bb7 {[%emt 0:08:08]} 34. g4 {[%emt 0:02:02]} Rac8 {[%emt 0:02:25]} 35. Qg3 {[%emt 0:01:30]} Rc5 {[%emt 0:04:35]} 36. Rxc5 {[%emt 0:00:10]} Qxc5 {[%emt 0:00:06]} 37. e5 {[%emt 0:00:29]} Bxg2 {[%emt 0:01:23]} 38. Kxg2 {[%emt 0:00:02]} d5 {[%emt 0:02:48]} 39. e6 {[%emt 0:02:47]} f6 {[%emt 0:00:36]} 40. Re5 {[%emt 0:00:23]} Qd4 {[%emt 0:04:30]} 41. Rxd5 {[%emt 0:04:10]} Qe4+ {[%emt 0:00:08]} 42. Kh3 {[%emt 0:02:36]} Qxe6 43. Qc7 {[%emt 0:00:49]} Qe4 {[%emt 0:04:08]} 44. Kg3 {[%emt 0:01:17]} Qh1 {[%emt 0:04:11]} 45. Qd7 {[%emt 0:03:27]} Kf8 {[%emt 0:03:05]} 46. c5 {[%emt 0:00:33]} Qg1+ {[%emt 0:05:05]} 47. Kf3 {[%emt 0:00:41]} Qh1+ {[%emt 0:01:37]} 48. Kg3 {[%emt 0:08:36]} Qg1+ {[%emt 0:01:21]} 49. Kf3 {[%emt 0:00:37]} Qh1+ {[%emt 0:08:01]} 50. Kg3 {[%emt 0:00:19]} 1/2-1/2

[Event "EYTCC U18 Open 2019"]
[Site "Pardubice"]
[Date "2019.07.15"]
[Round "5.15"]
[White "Buke, Furkan"]
[Black "Viczencz, Peter"]
[Result "0-1"]
[WhiteElo "1959"]
[BlackElo "2014"]
[Annotator "NA"]
[PlyCount "130"]
[EventDate "2019.07.11"]
[EventType "swiss"]
[EventCountry "CZE"]
[SourceTitle "playchess.com"]
[Source "ChessBase"]
[SourceQuality "1"]
[WhiteTeam "Turkey"]
[BlackTeam "Slovakia"]
[WhiteTeamCountry "TUR"]
[BlackTeamCountry "SVK"]
[TimeControl "40/5400+30:1800+30"]

1. e4 {[%emt 0:00:00]} e6 {[%emt 0:00:00]} 2. d4 {[%emt 0:00:00]} c5 {[%emt 0:00:00]} 3. Nf3 {[%emt 0:00:00]} cxd4 {[%emt 0:00:00]} 4. Nxd4 {[%emt 0:00:00]} a6 {[%emt 0:00:00]} 5. Nc3 {[%emt 0:00:00]} Qc7 {[%emt 0:00:00]} 6. g3 {[%emt 0:00:00]} Bb4 {[%emt 0:00:31]} 7. Bd2 {[%emt 0:00:15]} Nc6 {[%emt 0:00:11]} 8. Nb3 {[%emt 0:00:10]} Nf6 {[%emt 0:05:54]} 9. Bg2 {[%emt 0:00:10]} O-O {[%emt 0:00:15]} 10. O-O {[%emt 0:00:10]} Be7 {[%emt 0:01:59]} 11. f4 {[%emt 0:00:11]} b5 {[%emt 0:01:42]} 12. e5 {[%emt 0:02:06]} Ne8 {[%emt 0:00:06]} 13. a4 {[%emt 0:06:37]} b4 {[%emt 0:01:33]} 14. Ne4 {[%emt 0:00:07]} d6 {[%emt 0:09:33]} 15. exd6 {[%emt 0:00:58]} Nxd6 {[%emt 0:01:32]} 16. Nxd6 {[%emt 0:01:13]} Bxd6 {[%emt 0:00:25]} 17. Be3 {[%emt 0:02:23]} a5 {[%emt 0:06:39]} 18. Qf3 {[%emt 0:06:39]} Bb7 {[%emt 0:01:22]} 19. Qf2 {[%emt 0:00:24]} Ra6 {[%emt 0:01:52]} 20. Rfd1 {[%emt 0:14:25]} Rc8 {[%emt 0:06:09]} 21. Bf1 {[%emt 0:03:18]} Raa8 {[%emt 0:00:46]} 22. Bb6 {[%emt 0:02:05]} Qe7 {[%emt 0:00:12]} 23. Bc5 {[%emt 0:02:52]} Bxc5 {[%emt 0:04:20]} 24. Nxc5 {[%emt 0:00:26]} Rd8 {[%emt 0:03:26]} 25. Bg2 {[%emt 0:07:35]} Rac8 {[%emt 0:01:06]} 26. Nxb7 {[%emt 0:01:07]} Qxb7 {[%emt 0:00:07]} 27. Kh1 {[%emt 0:03:00]} Qa7 {[%emt 0:02:13]} 28. Qxa7 {[%emt 0:23:09]} Nxa7 {[%emt 0:00:07]} 29. Bf3 {[%emt 0:00:10]} g6 {[%emt 0:00:28]} 30. Rxd8+ {[%emt 0:00:11]} Rxd8 {[%emt 0:00:05]} 31. Rd1 {[%emt 0:00:05]} Rxd1+ {[%emt 0:01:27]} 32. Bxd1 {[%emt 0:00:05]} Kf8 {[%emt 0:00:14]} 33. Kg2 {[%emt 0:00:10]} Ke7 {[%emt 0:00:09]} 34. Kf3 {[%emt 0:00:08]} Kd6 {[%emt 0:00:08]} 35. Ke4 {[%emt 0:00:09]} Nc6 {[%emt 0:00:17]} 36. Bf3 {[%emt 0:00:52]} Kc5 {[%emt 0:02:16]} 37. Kd3 {[%emt 0:00:38]} Ne7 {[%emt 0:01:15]} 38. Be4 {[%emt 0:01:54]} Nc8 {[%emt 0:02:04]} 39. Bb7 {[%emt 0:03:03]} Nb6 {[%emt 0:03:19]} 40. b3 {[%emt 0:00:05]} Nd7 {[%emt 0:00:13]} 41. Ba6 {[%emt 0:31:11]} Nf6 {[%emt 0:30:32]} 42. Bb7 {[%emt 0:08:32]} h6 {[%emt 0:02:05]} 43. Bf3 {[%emt 0:00:48]} g5 {[%emt 0:02:44]} 44. fxg5 {[%emt 0:01:07]} hxg5 {[%emt 0:00:05]} 45. h4 {[%emt 0:00:19]} gxh4 {[%emt 0:00:07]} 46. gxh4 {[%emt 0:00:02]} Ng8 {[%emt 0:00:24]} 47. Ke4 {[%emt 0:01:51]} f6 {[%emt 0:00:20]} 48. Bg2 {[%emt 0:00:58]} Nh6 {[%emt 0:00:45]} 49. Bh3 {[%emt 0:00:17]} Kd6 {[%emt 0:02:58]} 50. h5 {[%emt 0:02:27]} Nf7 {[%emt 0:01:51]} 51. Bg2 {[%emt 0:03:39]} f5+ {[%emt 0:00:29]} 52. Kf4 {[%emt 0:00:41]} Ke7 {[%emt 0:00:10]} 53. Kg3 {[%emt 0:02:37]} Kf6 {[%emt 0:00:37]} 54. Kh4 {[%emt 0:00:10]} e5 {[%emt 0:00:49]} 55. Bd5 {[%emt 0:00:19]} Nh6 {[%emt 0:00:13]} 56. Bb7 {[%emt 0:00:49]} e4 {[%emt 0:00:33]} 57. Bc6 {[%emt 0:00:37]} e3 {[%emt 0:00:24]} 58. Bf3 {[%emt 0:00:34]} Nf7 {[%emt 0:00:28]} 59. Be2 {[%emt 0:00:36]} Ne5 {[%emt 0:01:34]} 60. h6 {[%emt 0:03:21]} f4 {[%emt 0:00:48]} 61. Bh5 {[%emt 0:01:32]} Nc6 {[%emt 0:03:13]} 62. Kh3 {[%emt 0:00:00]} Nd4 {[%emt 0:00:00]} 63. Kg2 {[%emt 0:00:00]} Nxc2 {[%emt 0:00:00]} 64. h7 {[%emt 0:00:00]} Kg7 {[%emt 0:00:00]} 65. Bg6 {[%emt 0:00:00]} e2 {[%emt 0:00:00]} 0-1

[Event "EYTCC U18 Open 2019"]
[Site "Pardubice"]
[Date "2019.07.15"]
[Round "5.16"]
[White "Matis, Tibor"]
[Black "YAVUZ, Sevki Batuhan"]
[Result "1/2-1/2"]
[WhiteElo "1862"]
[BlackElo "1647"]
[Annotator "NA"]
[PlyCount "127"]
[EventDate "2019.07.11"]
[EventType "swiss"]
[EventCountry "CZE"]
[SourceTitle "playchess.com"]
[Source "ChessBase"]
[SourceQuality "1"]
[WhiteTeam "Slovakia"]
[WhiteTeamCountry "SVK"]
[TimeControl "40/5400+30:1800+30"]

1. e4 {[%emt 0:00:00]} e5 {[%emt 0:00:00]} 2. Nf3 {[%emt 0:00:00]} Nf6 {[%emt 0:00:00]} 3. Nc3 {[%emt 0:00:00]} Nc6 {[%emt 0:00:00]} 4. Bc4 {[%emt 0:00:08]} Bc5 {[%emt 0:01:36]} 5. O-O {[%emt 0:00:33]} O-O {[%emt 0:01:12]} 6. d3 {[%emt 0:02:00]} h6 {[%emt 0:01:17]} 7. Be3 {[%emt 0:07:50]} Bxe3 {[%emt 0:04:30]} 8. fxe3 {[%emt 0:00:09]} d6 {[%emt 0:00:49]} 9. h3 {[%emt 0:01:21]} Na5 {[%emt 0:03:16]} 10. Bb3 {[%emt 0:01:01]} Nxb3 {[%emt 0:01:55]} 11. axb3 {[%emt 0:00:06]} Re8 {[%emt 0:03:10]} 12. Qe2 {[%emt 0:02:56]} d5 {[%emt 0:04:04]} 13. exd5 {[%emt 0:10:03]} Nxd5 {[%emt 0:00:05]} 14. Nxd5 {[%emt 0:02:54]} Qxd5 {[%emt 0:00:06]} 15. e4 {[%emt 0:00:19]} Qc5+ {[%emt 0:02:33]} 16. Kh1 {[%emt 0:00:06]} Bd7 {[%emt 0:11:32]} 17. Qd2 {[%emt 0:02:24]} b6 {[%emt 0:02:57]} 18. b4 {[%emt 0:02:59]} Qd6 {[%emt 0:09:24]} 19. Nh4 {[%emt 0:02:21]} Qe7 {[%emt 0:04:55]} 20. Nf5 {[%emt 0:00:36]} Bxf5 {[%emt 0:00:20]} 21. Rxf5 {[%emt 0:00:15]} g6 {[%emt 0:05:34]} 22. Rf3 {[%emt 0:02:08]} Kg7 {[%emt 0:02:44]} 23. Raf1 {[%emt 0:02:07]} Rf8 {[%emt 0:01:52]} 24. Qc3 {[%emt 0:04:22]} a5 {[%emt 0:02:38]} 25. b5 {[%emt 0:02:23]} f6 {[%emt 0:05:33]} 26. Rd1 {[%emt 0:08:04]} Rfd8 {[%emt 0:01:55]} 27. Qa3 {[%emt 0:03:54]} Rd7 {[%emt 0:11:46]} 28. Qxe7+ {[%emt 0:04:36]} Rxe7 {[%emt 0:00:04]} 29. Kg1 {[%emt 0:00:15]} Rd8 {[%emt 0:02:40]} 30. c3 {[%emt 0:00:39]} Red7 {[%emt 0:05:53]} 31. Kf2 {[%emt 0:00:16]} Kf7 {[%emt 0:03:45]} 32. Ke3 {[%emt 0:00:08]} Ke6 {[%emt 0:01:23]} 33. g4 {[%emt 0:05:24]} Rf7 {[%emt 0:01:32]} 34. Rg1 {[%emt 0:00:57]} Rdf8 {[%emt 0:01:17]} 35. d4 {[%emt 0:02:02]} Rd8 {[%emt 0:01:43]} 36. h4 {[%emt 0:04:28]} Rdf8 {[%emt 0:02:55]} 37. Rf2 {[%emt 0:06:44]} Rd8 {[%emt 0:00:26]} 38. dxe5 {[%emt 0:17:29]} fxe5 {[%emt 0:01:01]} 39. Rxf7 {[%emt 0:00:11]} Kxf7 {[%emt 0:00:03]} 40. Rf1+ {[%emt 0:00:20]} Ke7 {[%emt 0:00:40]} 41. g5 {[%emt 0:32:33]} hxg5 {[%emt 0:30:50]} 42. hxg5 {[%emt 0:01:23]} Rh8 {[%emt 0:00:05]} 43. Kd3 {[%emt 0:00:00]} Rh5 {[%emt 0:00:00]} 44. Rg1 {[%emt 0:00:00]} Ke6 {[%emt 0:00:00]} 45. Rg3 {[%emt 0:00:00]} Kd6 {[%emt 0:00:00]} 46. b4 {[%emt 0:00:00]} axb4 {[%emt 0:00:00]} 47. cxb4 {[%emt 0:00:00]} Ke6 {[%emt 0:00:00]} 48. Kc4 {[%emt 0:00:00]} Rh4 {[%emt 0:00:00]} 49. Kd3 {[%emt 0:00:00]} Ke7 {[%emt 0:00:33]} 50. Ke3 {[%emt 0:00:00]} Rh1 {[%emt 0:00:47]} 51. Kd3 {[%emt 0:00:00]} Rd1+ {[%emt 0:00:40]} 52. Kc3 {[%emt 0:00:05]} Re1 {[%emt 0:01:09]} 53. Kd3 {[%emt 0:00:10]} Rb1 {[%emt 0:01:18]} 54. Kc3 {[%emt 0:00:10]} Ra1 {[%emt 0:01:10]} 55. Rg2 {[%emt 0:02:18]} Rd1 {[%emt 0:01:09]} 56. Rg3 {[%emt 0:00:14]} Rd4 {[%emt 0:00:28]} 57. Rg4 {[%emt 0:00:45]} Rd1 {[%emt 0:00:12]} 58. Rg3 {[%emt 0:00:06]} Rc1+ {[%emt 0:00:32]} 59. Kd3 {[%emt 0:00:10]} Kd7 {[%emt 0:00:49]} 60. Rg2 {[%emt 0:00:30]} Rd1+ {[%emt 0:00:10]} 61. Kc3 {[%emt 0:00:14]} Rd4 {[%emt 0:00:26]} 62. Rd2 {[%emt 0:02:19]} Rxd2 {[%emt 0:00:39]} 63. Kxd2 {[%emt 0:00:06]} c6 {[%emt 0:00:35]} 64. Kc3 {[%emt 0:01:28]} 1/2-1/2

[Event "EYTCC U18 Open 2019"]
[Site "Pardubice"]
[Date "2019.07.15"]
[Round "5.25"]
[White "Erenberg, Ariel"]
[Black "Engel, Luis"]
[Result "1/2-1/2"]
[WhiteElo "2442"]
[BlackElo "2509"]
[Annotator "ChessBase"]
[PlyCount "50"]
[EventDate "2019.07.11"]
[EventType "swiss"]
[EventCountry "CZE"]
[SourceTitle "playchess.com"]
[Source "ChessBase"]
[SourceQuality "1"]
[WhiteTeam "Israel"]
[BlackTeam "Germany"]
[WhiteTeamCountry "ISR"]
[BlackTeamCountry "GER"]
[TimeControl "40/5400+30:1800+30"]

1. d4 {[%emt 0:00:00]} Nf6 {[%emt 0:00:00]} 2. c4 {[%emt 0:00:00]} e6 {[%emt 0:00:00]} 3. Nf3 {[%emt 0:00:00]} d5 {[%emt 0:00:00]} 4. Nc3 {[%emt 0:00:00]} Bb4 {[%emt 0:00:00]} 5. Bg5 {[%emt 0:00:04]} dxc4 {[%emt 0:00:00]} 6. e4 {[%emt 0:00:17]} c5 {[%emt 0:00:02]} 7. Bxc4 {[%emt 0:00:37]} cxd4 {[%emt 0:00:07]} 8. Nxd4 {[%emt 0:00:25]} Bxc3+ {[%emt 0:00:08]} 9. bxc3 {[%emt 0:00:02]} Qa5 {[%emt 0:00:09]} 10. Bxf6 {[%emt 0:01:52]} Qxc3+ {[%emt 0:00:07]} 11. Kf1 {[%emt 0:00:08]} gxf6 {[%emt 0:00:05]} 12. Rc1 {[%emt 0:00:31]} Qa5 {[%emt 0:00:06]} 13. Bb5+ {[%emt 0:00:55]} Ke7 {[%emt 0:03:21]} 14. e5 {[%emt 0:00:30]} fxe5 {[%emt 0:01:14]} 15. Qh5 {[%emt 0:00:17]} Nd7 {[%emt 0:01:47]} 16. Qg5+ {[%emt 0:01:00]} Kf8 {[%emt 0:01:28]} 17. Rxc8+ {[%emt 0:00:34]} Rxc8 {[%emt 0:00:08]} 18. Bxd7 {[%emt 0:00:07]} Qd8 {[%emt 0:01:29]} 19. Nxe6+ {[%emt 0:00:25]} fxe6 {[%emt 0:00:07]} 20. Qh6+ {[%emt 0:00:06]} Kf7 {[%emt 0:00:53]} 21. Qxe6+ {[%emt 0:00:17]} Kf8 {[%emt 0:00:35]} 22. Qh6+ {[%emt 0:00:38]} Ke7 {[%emt 0:01:03]} 23. Qe6+ {[%emt 0:00:27]} Kf8 {[%emt 0:00:06]} 24. Qh6+ {[%emt 0:00:12]} Ke7 {[%emt 0:00:07]} 25. Qe6+ {[%emt 0:00:25]} Kf8 {[%emt 0:00:08]} 1/2-1/2

[Event "EYTCC U18 Open 2019"]
[Site "Pardubice"]
[Date "2019.07.15"]
[Round "5.26"]
[White "Buckels, Valentin"]
[Black "Gorshtein, Ido"]
[Result "1-0"]
[WhiteElo "2451"]
[BlackElo "2367"]
[Annotator "ChessBase"]
[PlyCount "181"]
[EventDate "2019.07.11"]
[EventType "swiss"]
[EventCountry "CZE"]
[SourceTitle "playchess.com"]
[Source "ChessBase"]
[SourceQuality "1"]
[WhiteTeam "Germany"]
[BlackTeam "Israel"]
[WhiteTeamCountry "GER"]
[BlackTeamCountry "ISR"]
[TimeControl "40/5400+30:1800+30"]

1. Nf3 {[%emt 0:00:00]} Nf6 {[%emt 0:00:00]} 2. g3 {[%emt 0:00:00]} d5 {[%emt 0:00:29]} 3. Bg2 {[%emt 0:00:13]} g6 {[%emt 0:00:43]} 4. d4 {[%emt 0:09:53]} Bg7 {[%emt 0:00:09]} 5. c4 {[%emt 0:01:00]} c6 {[%emt 0:00:46]} 6. Nbd2 {[%emt 0:00:27]} O-O {[%emt 0:00:26]} 7. O-O {[%emt 0:00:05]} a5 {[%emt 0:06:12]} 8. b3 {[%emt 0:00:34]} Bf5 {[%emt 0:07:10]} 9. Nh4 {[%emt 0:07:11]} Be6 {[%emt 0:00:26]} 10. Bb2 {[%emt 0:00:37]} a4 {[%emt 0:01:33]} 11. Qc2 {[%emt 0:00:48]} a3 {[%emt 0:29:00]} 12. Bc3 {[%emt 0:00:50]} c5 {[%emt 0:00:01]} 13. dxc5 {[%emt 0:25:12]} d4 {[%emt 0:00:20]} 14. Bb4 {[%emt 0:00:26]} Nc6 {[%emt 0:00:03]} 15. Bxc6 {[%emt 0:00:11]} bxc6 {[%emt 0:00:02]} 16. Ndf3 {[%emt 0:05:58]} Qb8 {[%emt 0:03:55]} 17. Bd2 {[%emt 0:01:55]} Rd8 {[%emt 0:00:55]} 18. Rad1 {[%emt 0:04:57]} Bh3 {[%emt 0:09:19]} 19. Rfe1 {[%emt 0:00:32]} e5 {[%emt 0:00:14]} 20. Ng5 {[%emt 0:01:16]} Bg4 {[%emt 0:03:08]} 21. f3 {[%emt 0:04:35]} Bd7 {[%emt 0:03:10]} 22. e3 {[%emt 0:10:06]} h6 {[%emt 0:16:59]} 23. Ne4 {[%emt 0:01:05]} Nxe4 {[%emt 0:04:31]} 24. Qxe4 {[%emt 0:00:05]} Be6 {[%emt 0:00:39]} 25. Qxc6 {[%emt 0:05:34]} Bxc4 {[%emt 0:07:08]} 26. bxc4 {[%emt 0:01:46]} Qb2 {[%emt 0:00:01]} 27. Qb5 {[%emt 0:02:53]} Qxa2 {[%emt 0:01:17]} 28. c6 {[%emt 0:05:02]} dxe3 {[%emt 0:01:07]} 29. c7 {[%emt 0:06:02]} Rdc8 {[%emt 0:00:11]} 30. Bxe3 {[%emt 0:00:43]} Rxc7 {[%emt 0:00:02]} 31. c5 {[%emt 0:00:50]} Qe6 {[%emt 0:01:06]} 32. Rd6 {[%emt 0:01:32]} Qc8 {[%emt 0:00:25]} 33. Ra1 {[%emt 0:01:44]} a2 {[%emt 0:01:50]} 34. Qe2 {[%emt 0:01:10]} Rca7 {[%emt 0:01:10]} 35. Rd2 {[%emt 0:00:26]} Qe6 {[%emt 0:00:35]} 36. c6 {[%emt 0:00:25]} Ra4 {[%emt 0:00:23]} 37. c7 {[%emt 0:00:23]} e4 {[%emt 0:01:51]} 38. Raxa2 {[%emt 0:01:01]} Rxa2 {[%emt 0:01:00]} 39. Rxa2 {[%emt 0:00:05]} Rxa2 {[%emt 0:00:15]} 40. Qxa2 {[%emt 0:01:26]} Qxa2 {[%emt 0:00:08]} 41. c8=Q+ {[%emt 0:30:05]} Kh7 {[%emt 0:30:07]} 42. fxe4 {[%emt 0:00:00]} Qb1+ {[%emt 0:00:00]} 43. Qc1 {[%emt 0:00:00]} Qxe4 {[%emt 0:00:00]} 44. Qd2 {[%emt 0:00:00]} Qc6 {[%emt 0:00:00]} 45. Qf2 {[%emt 0:00:00]} Qd5 {[%emt 0:00:00]} 46. Nf3 {[%emt 0:00:00]} Qd1+ {[%emt 0:00:00]} 47. Kg2 {[%emt 0:00:00]} Qd3 {[%emt 0:00:00]} 48. h4 {[%emt 0:00:00]} Qe4 {[%emt 0:00:00]} 49. Kh2 {[%emt 0:00:00]} Qf5 {[%emt 0:00:00]} 50. Nd2 {[%emt 0:00:00]} Qd5 {[%emt 0:00:00]} 51. Qf3 {[%emt 0:00:00]} Qa2 {[%emt 0:00:00]} 52. Qe4 {[%emt 0:00:00]} Qa5 {[%emt 0:00:00]} 53. Nf3 {[%emt 0:00:00]} Qa2+ {[%emt 0:00:00]} 54. Kh3 {[%emt 0:00:00]} Qe2 {[%emt 0:00:00]} 55. Nh2 {[%emt 0:00:00]} Qe1 {[%emt 0:00:00]} 56. Qf3 {[%emt 0:00:00]} Qc3 {[%emt 0:00:00]} 57. Ng4 {[%emt 0:00:00]} Qc8 {[%emt 0:00:00]} 58. Kh2 {[%emt 0:00:00]} Qe6 {[%emt 0:00:00]} 59. Qf4 {[%emt 0:00:00]} Qa2+ {[%emt 0:00:00]} 60. Kg1 {[%emt 0:00:00]} Qb1+ {[%emt 0:00:00]} 61. Bc1 {[%emt 0:00:00]} h5 {[%emt 0:00:00]} 62. Nf2 {[%emt 0:00:00]} Qc2 {[%emt 0:00:00]} 63. Be3 {[%emt 0:00:00]} Qb1+ {[%emt 0:00:00]} 64. Kg2 {[%emt 0:00:00]} Qa2 {[%emt 0:00:00]} 65. Qe4 {[%emt 0:01:08]} Qe2 {[%emt 0:00:00]} 66. Qf4 {[%emt 0:01:01]} Qa2 {[%emt 0:00:00]} 67. Kf3 {[%emt 0:00:15]} Kg8 {[%emt 0:00:00]} 68. Ne4 {[%emt 0:01:13]} Qd5 {[%emt 0:00:00]} 69. Kf2 {[%emt 0:00:53]} Qa2+ {[%emt 0:00:00]} 70. Kg1 {[%emt 0:00:24]} Qb1+ {[%emt 0:00:00]} 71. Kh2 {[%emt 0:00:47]} Qa2+ {[%emt 0:00:00]} 72. Bf2 {[%emt 0:01:04]} Qb2 {[%emt 0:00:00]} 73. Qd2 {[%emt 0:03:39]} Qxd2 {[%emt 0:00:00]} 74. Nxd2 {[%emt 0:00:02]} Kf8 {[%emt 0:01:38]} 75. Bc5+ {[%emt 0:01:16]} Ke8 {[%emt 0:00:02]} 76. Ne4 {[%emt 0:00:29]} Kd7 {[%emt 0:00:38]} 77. Kg2 {[%emt 0:00:10]} Ke6 {[%emt 0:00:27]} 78. Ng5+ {[%emt 0:01:15]} Kd5 {[%emt 0:00:08]} 79. Ba3 {[%emt 0:00:06]} f6 {[%emt 0:00:15]} 80. Bb2 {[%emt 0:01:18]} Kd6 {[%emt 0:00:02]} 81. Kf3 {[%emt 0:00:37]} Ke7 {[%emt 0:00:02]} 82. Ke2 {[%emt 0:01:13]} Bh6 {[%emt 0:01:08]} 83. Ne4 {[%emt 0:00:25]} Bg7 {[%emt 0:00:04]} 84. Kf3 {[%emt 0:00:56]} Ke6 {[%emt 0:00:12]} 85. Bc3 {[%emt 0:01:33]} Ke7 {[%emt 0:00:40]} 86. Bd4 {[%emt 0:00:28]} Ke6 {[%emt 0:00:08]} 87. Bb2 {[%emt 0:00:03]} Ke7 {[%emt 0:00:12]} 88. Nc3 {[%emt 0:00:16]} Ke6 {[%emt 0:00:20]} 89. Ne2 {[%emt 0:00:26]} Kf5 {[%emt 0:01:09]} 90. Nf4 {[%emt 0:00:36]} Bh6 {[%emt 0:00:20]} 91. Nd5 {[%emt 0:00:13]} 1-0

[Event "EYTCC U18 Open 2019"]
[Site "Pardubice"]
[Date "2019.07.15"]
[Round "5.27"]
[White "Emanuel, Yahav"]
[Black "Parvanyan, Ashot"]
[Result "0-1"]
[WhiteElo "2359"]
[BlackElo "2423"]
[Annotator "TA"]
[PlyCount "48"]
[EventDate "2019.07.11"]
[EventType "swiss"]
[EventCountry "CZE"]
[SourceTitle "playchess.com"]
[Source "ChessBase"]
[SourceQuality "1"]
[WhiteTeam "Israel"]
[BlackTeam "Germany"]
[WhiteTeamCountry "ISR"]
[BlackTeamCountry "GER"]

{[%evp 10,96,13,0,0,0,20,20,29,26,40,37,47,37,35,-14,-10,-10,5,-7,0,-15,0,0,0,0,4,4,30,10,76,47,38,0,0,0,-1,-41,0,-107,-20,-41,-41,-50,0,0,0,-9,-14,-14,0,-262,-113,-268,-220,-416,-311,-321,-333,-657,-305,-414,-419,-434,-388,-396,-319,-387,-298,-260,-167,-441,-494,-1245,-1281,-1049,-1304,-1304,-1279,-1226,-1219,-1189,-1189,-1054,-833,-758,-722,-1161,-1056]} 1. e4 e6 2. d4 d5 3. Nc3 Bb4 4. e5 Ne7 5. Bd2 b6 6. Nce2 Bxd2+ {C16: French: 3 Nc3 Bb4 4 e5: Lines without ...c5} 7. Qxd2 a5 (7... Ba6 8. f4 c5 9. c3 Nbc6 10. Nf3 O-O 11. g4 f6 12. Ng3 Bxf1 13. Rxf1 fxe5 14. dxe5 {1-0 (43) Navara,D (2725)-Movsesian,S (2673) Prague 2016}) 8. h4 Ba6 {The position is equal.} 9. h5 h6 10. f4 c5 11. Nf3 Nbc6 12. c3 Qd7 13. g4 Rc8 14. Ng3 $146 ({Predecessor:} 14. Kf2) 14... Bxf1 15. Nxf1 cxd4 16. cxd4 Nb4 17. Ne3 Qb5 18. Kf2 a4 19. a3 Nbc6 (19... Nd3+ $11 20. Kg3 O-O) 20. f5 $16 Na5 {next ...Nb3 is good for Black.} 21. Rad1 Nc4 22. Nxc4 dxc4 23. Rhg1 Nd5 24. g5 (24. Rc1 $1 $11) 24... hxg5 {Played: c4-c3} 0-1